[Event "Mittelrhein Regionalliga 18/19"]
[Site "Nordrheinwestfalen"]
[Date "2018.11.18"]
[Round "4.2"]
[White "Lambertz, Michael"]
[Black "Draftian, Ashote"]
[Result "1/2-1/2"]
[WhiteElo "1944"]
[BlackElo "2236"]
[PlyCount "47"]
[EventDate "2018.10.28"]
[EventType "team-tourn"]
[EventRounds "11"]
[EventCountry "GER"]
[SourceTitle "EXT 2022"]
[Source "ChessBase"]
[SourceDate "2021.10.06"]
[SourceVersion "1"]
[SourceVersionDate "2021.10.06"]
[SourceQuality "1"]
[WhiteTeam "Koeln Ford SF"]
[BlackTeam "Alsdorf SVG"]
[WhiteTeamCountry "GER"]
[BlackTeamCountry "GER"]

1. e4 c5 2. c3 e6 3. d4 d5 4. exd5 exd5 5. Nf3 Nc6 6. Be3 c4 7. b3 cxb3 8. axb3 Bd6 9. Bd3 Nge7 10. Bg5 0-0 11. 0-0 h6 12. Bh4 f5 13. Bxe7 Qxe7 14. Re1 Qf6 15. Nbd2 Be6 16. b4 b6 17. Bb5 Rfc8 18. Qe2 Nd8 19. Rac1 a5 20. bxa5 Rxa5 21. c4 Ra2 22. Ra1 Rxa1 23. Rxa1 Kh7 24. Ra6 1/2-1/2

[Event "BEL-chT 1819"]
[Site "Belgium"]
[Date "2018.10.07"]
[Round "2.4"]
[White "Vandenbussche, Thibaut"]
[Black "Draftian, Ashote"]
[Result "1-0"]
[WhiteElo "2406"]
[BlackElo "2206"]
[PlyCount "79"]
[EventDate "2018.09.30"]
[EventType "team-tourn"]
[EventRounds "11"]
[EventCountry "BEL"]
[SourceTitle "CBM 186 Extra"]
[Source "ChessBase"]
[SourceDate "2018.08.24"]
[SourceVersion "1"]
[SourceVersionDate "2018.08.24"]
[SourceQuality "1"]
[WhiteTeam "KBSK Brugge"]
[BlackTeam "Jean Jaures"]
[WhiteTeamCountry "BEL"]
[BlackTeamCountry "BEL"]

1. e4 c5 2. Nf3 e6 3. d4 cxd4 4. Nxd4 a6 5. Nc3 Qc7 6. g3 Bb4 7. Nb3 Nf6 8. Bg2 Bxc3+ 9. bxc3 Qxc3+ 10. Bd2 Qc4 11. e5 Ng4 12. f4 h5 13. h3 Nh6 14. Qxh5 Nc6 15. Qe2 Qxe2+ 16. Kxe2 f6 17. exf6 gxf6 18. c4 d6 19. Na5 Nxa5 20. Bxa5 e5 21. g4 Be6 22. Kd3 Rc8 23. Rhc1 exf4 24. Bxb7 Rc5 25. Bb6 Re5 26. Bd4 Nxg4 27. hxg4 Rh3+ 28. Kd2 Rh2+ 29. Kc3 Rh3+ 30. Kb2 Re2+ 31. Rc2 f3 32. Bxa6 Re4 33. Bxf6 Rf4 34. Bg5 Rxg4 35. Re1 Kf7 36. Rxe6 Rxg5 37. Rxd6 Rg2 38. Rd1 Rhh2 39. Rxg2 Rxg2+ 40. Kb3 1-0

[Event "Brasschaat op 18th"]
[Site "Brasschaat"]
[Date "2018.08.22"]
[Round "5"]
[White "Draftian, Ashote"]
[Black "Kazarian, Anna Maja"]
[Result "1/2-1/2"]
[WhiteElo "2247"]
[BlackElo "2183"]
[PlyCount "54"]
[EventDate "2018.08.18"]
[EventType "swiss"]
[EventRounds "9"]
[EventCountry "BEL"]
[SourceTitle "CBM 186 Extra"]
[Source "ChessBase"]
[SourceDate "2018.08.24"]
[SourceVersion "1"]
[SourceVersionDate "2018.08.24"]
[SourceQuality "1"]

1. e4 c6 2. c4 d5 3. exd5 cxd5 4. cxd5 Nf6 5. Qa4+ Nbd7 6. Nc3 g6 7. g3 Bg7 8. Bg2 0-0 9. Nge2 Nb6 10. Qb3 Bf5 11. 0-0 Bd3 12. Rd1 Nfxd5 13. Bxd5 Nxd5 14. Nxd5 Bxe2 15. Re1 Bg4 16. Qxb7 Rb8 17. Nxe7+ Kh8 18. Qe4 Qd7 19. d4 Bxd4 20. h3 Bxh3 21. Bh6 Rxb2 22. Rad1 Bxf2+ 23. Kh1 Qb5 24. Bxf8 Bg2+ 25. Qxg2 Qh5+ 26. Qh2 Qf3+ 27. Qg2 Qh5+ 1/2-1/2

[Event "Flemish-ch"]
[Site "Ghent"]
[Date "2018.05.11"]
[Round "4"]
[White "Hamblok, Roel"]
[Black "Draftian, Ashote"]
[Result "0-1"]
[WhiteElo "2291"]
[BlackElo "2212"]
[PlyCount "66"]
[EventDate "2018.05.10"]
[EventType "swiss"]
[EventRounds "7"]
[EventCountry "BEL"]
[SourceTitle "CBM 184 Extra"]
[Source "ChessBase"]
[SourceDate "2018.06.28"]
[SourceVersion "1"]
[SourceVersionDate "2018.06.28"]
[SourceQuality "1"]

1. e4 c5 2. Nc3 e6 3. f4 a6 4. g3 d5 5. d3 Nc6 6. Bg2 d4 7. Nce2 Nf6 8. Nf3 b5 9. h3 Bb7 10. 0-0 Be7 11. g4 Qb6 12. Ng3 h6 13. a4 b4 14. Rf2 Qc7 15. Nf1 0-0-0 16. N1d2 Qxf4 17. Nxd4 Qc7 18. Nxc6 Bxc6 19. Qf1 Nd7 20. Nc4 f6 21. Bf4 e5 22. Bd2 h5 23. a5 hxg4 24. hxg4 Rh4 25. Qe2 Rdh8 26. Ne3 g6 27. c3 b3 28. Qd1 c4 29. Nxc4 Bc5 30. Be3 Bb5 31. Nb6+ Nxb6 32. axb6 Qh7 33. Rf3 Rh1+ 0-1

[Event "Flemish-ch"]
[Site "Ghent"]
[Date "2017.05.28"]
[Round "7"]
[White "Draftian, Ashote"]
[Black "Maddens, Martijn"]
[Result "1-0"]
[WhiteElo "2242"]
[BlackElo "2210"]
[PlyCount "67"]
[EventDate "2017.05.25"]
[EventType "swiss"]
[EventRounds "7"]
[EventCountry "BEL"]
[SourceTitle "CBM 178 Extra"]
[Source "ChessBase"]
[SourceDate "2017.06.22"]
[SourceVersion "1"]
[SourceVersionDate "2017.06.22"]
[SourceQuality "1"]

1. e4 c5 2. Nc3 g6 3. Nf3 Bg7 4. d4 cxd4 5. Nxd4 Nc6 6. Be3 Nf6 7. Bc4 0-0 8. Bb3 Ng4 9. Qxg4 Nxd4 10. Qd1 Nc6 11. h4 b5 12. h5 b4 13. hxg6 hxg6 14. Qg4 e6 15. Nb5 Qf6 16. Qh3 Rd8 17. Qh7+ Kf8 18. Bc5+ Ne7 19. Bxb4 Qxb2 20. 0-0 Qf6 21. e5 Qg5 22. f4 Qh6 23. Qxh6 Bxh6 24. Ba5 Ba6 25. Bxd8 Bxb5 26. Bxe7+ Kxe7 27. c4 Bc6 28. g4 Rh8 29. Bd1 Ke8 30. Rb1 Bf8 31. Rb8+ Ke7 32. Bf3 Rh4 33. Bxc6 Rxg4+ 34. Bg2 1-0

[Event "Flemish-ch"]
[Site "Ghent"]
[Date "2017.05.25"]
[Round "1"]
[White "Draftian, Ashote"]
[Black "De Waele, Warre"]
[Result "0-1"]
[WhiteElo "2242"]
[BlackElo "2070"]
[PlyCount "118"]
[EventDate "2017.05.25"]
[EventType "swiss"]
[EventRounds "7"]
[EventCountry "BEL"]
[SourceTitle "CBM 178 Extra"]
[Source "ChessBase"]
[SourceDate "2017.06.22"]
[SourceVersion "1"]
[SourceVersionDate "2017.06.22"]
[SourceQuality "1"]

1. f4 Nf6 2. Nf3 g6 3. e3 Bg7 4. d4 0-0 5. c4 c5 6. d5 e6 7. Nc3 exd5 8. cxd5 d6 9. Bd3 Re8 10. 0-0 a6 11. a4 Nbd7 12. Re1 Qc7 13. Qb3 Qb6 14. Qa2 c4 15. Qxc4 Nc5 16. a5 Qb3 17. Ra3 Qxc4 18. Bxc4 Nfe4 19. Ne2 Bd7 20. Ned4 Rac8 21. Ba2 Bb5 22. Nxb5 axb5 23. b4 Na4 24. Rd3 Bc3 25. Rf1 Bxb4 26. Nd4 Nac3 27. Bb3 Nc5 28. Rd2 Nxb3 29. Nxb3 Rxe3 30. Nd4 Re4 31. Kh1 Nxd5 32. Rdd1 Rxc1 33. Rxc1 Rxd4 34. Rfd1 Rxd1+ 35. Rxd1 Nxf4 36. Rd4 Bxa5 37. Rxf4 Bc3 38. Rf1 d5 39. Rb1 b4 40. Kg1 d4 41. Kf2 Kf8 42. Ke2 Ke7 43. Kd3 Kd6 44. Kc4 Ke5 45. Kd3 f5 46. g3 b5 47. Rb3 f4 48. gxf4+ Kxf4 49. Rb1 Kf3 50. Rf1+ Kg2 51. Rf7 h5 52. Rg7 Kxh2 53. Rxg6 h4 54. Kc2 h3 55. Rg5 Be1 56. Kd3 Bg3 57. Kxd4 Kg2 58. Kc5 h2 59. Rh5 b3 0-1

[Event "Ghent Taminco op 39th"]
[Site "Ghent"]
[Date "2016.07.20"]
[Round "9"]
[White "Draftian, Ashote"]
[Black "Deberdt, Joris"]
[Result "1-0"]
[WhiteElo "2283"]
[BlackElo "2110"]
[PlyCount "73"]
[EventDate "2016.07.16"]
[EventType "swiss"]
[EventRounds "9"]
[EventCountry "BEL"]
[SourceTitle "CBM 173 Extra"]
[Source "ChessBase"]
[SourceDate "2016.08.29"]
[SourceVersion "1"]
[SourceVersionDate "2016.08.29"]
[SourceQuality "1"]

1. e4 c5 2. Nf3 g6 3. Nc3 Bg7 4. d3 Nc6 5. Bg5 d6 6. Qd2 Bg4 7. Be2 Nf6 8. h3 Bxf3 9. Bxf3 Nd4 10. Bd1 h6 11. Be3 Nd7 12. 0-0 e6 13. Rb1 a6 14. Ne2 Kf8 15. c3 Nxe2+ 16. Bxe2 Kg8 17. d4 Qc7 18. Rbd1 c4 19. f4 Kh7 20. e5 d5 21. f5 gxf5 22. g4 Rhg8 23. Kh1 f6 24. gxf5 fxe5 25. Bh5 exf5 26. Rxf5 Nf6 27. Rg1 Ne4 28. Bg6+ Kh8 29. Qe1 Bf6 30. dxe5 Rxg6 31. Rxg6 Bg5 32. Bxg5 hxg5 33. Rgxg5 Nxg5 34. Rxg5 Qh7 35. Qf1 Qe4+ 36. Kh2 Qc2+ 37. Rg2 1-0

[Event "Ghent Taminco op 39th"]
[Site "Ghent"]
[Date "2016.07.18"]
[Round "6"]
[White "Draftian, Ashote"]
[Black "Goormachtigh, Johan"]
[Result "0-1"]
[WhiteElo "2283"]
[BlackElo "2171"]
[PlyCount "125"]
[EventDate "2016.07.16"]
[EventType "swiss"]
[EventRounds "9"]
[EventCountry "BEL"]
[SourceTitle "CBM 173 Extra"]
[Source "ChessBase"]
[SourceDate "2016.08.29"]
[SourceVersion "1"]
[SourceVersionDate "2016.08.29"]
[SourceQuality "1"]

1. f4 d5 2. e3 g6 3. Nf3 Bg7 4. d4 Nf6 5. Bd3 0-0 6. 0-0 c5 7. c3 b6 8. b3 Ba6 9. Bb2 Bxd3 10. Qxd3 Nbd7 11. Nbd2 Qc7 12. Ne5 Rad8 13. a4 Qb7 14. Ba3 Nxe5 15. fxe5 Nd7 16. Nf3 Qc6 17. c4 dxc4 18. Qxc4 Qe4 19. Rae1 Bh6 20. Kh1 e6 21. h3 Rfe8 22. Nh2 Bg5 23. Re2 Rc8 24. Qb5 Qc6 25. Qd3 Rcd8 26. Qc2 Rc8 27. Nf3 Be7 28. Qb2 cxd4 29. exd4 Qc3 30. Qxc3 Rxc3 31. Bxe7 Rxe7 32. Nd2 Rc2 33. Ref2 Nb8 34. Ne4 Rxf2 35. Rxf2 Nc6 36. Rc2 Nxd4 37. Rc8+ Kg7 38. Nf6 g5 39. Rg8+ Kh6 40. Rh8 Kg6 41. g4 Rc7 42. Rg8+ Kh6 43. Kg2 Rc5 44. Rd8 Nc6 45. Rg8 Nxe5 46. Ne4 Rc2+ 47. Kg3 f5 48. gxf5 exf5 49. Nxg5 Rc3+ 50. Kg2 f4 51. h4 Rxb3 52. Re8 Ng4 53. Re7 Nf6 54. Re6 Kg6 55. Rc6 Kf5 56. Rc4 Rb2+ 57. Kf3 Rb3+ 58. Kg2 h6 59. Nf3 Rb2+ 60. Kh3 Ne4 61. Rxe4 Kxe4 62. Ng5+ hxg5 63. hxg5 0-1

[Event "Flandern-ch Expert"]
[Site "Ghent"]
[Date "2016.05.06"]
[Round "3"]
[White "Roos, Adrian"]
[Black "Draftian, Ashote"]
[Result "0-1"]
[WhiteElo "2250"]
[BlackElo "2274"]
[PlyCount "136"]
[EventDate "2016.05.05"]
[EventType "swiss"]
[EventRounds "7"]
[EventCountry "BEL"]
[SourceTitle "EXT 2017"]
[Source "ChessBase"]
[SourceDate "2016.10.25"]
[SourceVersion "1"]
[SourceVersionDate "2016.10.25"]
[SourceQuality "1"]

1. d4 f5 2. g3 e6 3. Bg2 Nf6 4. Nf3 d5 5. 0-0 Bd6 6. c4 0-0 7. c5 Be7 8. b4 b6 9. Bb2 a5 10. a3 bxc5 11. dxc5 Nc6 12. Nd4 Nxd4 13. Qxd4 c6 14. Nd2 Rf7 15. Nf3 Bf8 16. Ne5 Rc7 17. f3 Qe8 18. Bc3 Nd7 19. e4 Nxe5 20. Qxe5 Qf7 21. Bh3 Rca7 22. g4 Be7 23. Qd4 e5 24. Qd2 d4 25. Bb2 f4 26. Rfb1 h5 27. Qg2 Qe6 28. Kh1 Bf8 29. Qf2 Be7 30. Rg1 Qb3 31. Qg2 h4 32. Rab1 Qe6 33. Qc2 axb4 34. axb4 Ra2 35. Bf1 Ba6 36. Bxa6 R8xa6 37. Ra1 h3 38. Rxa2 Rxa2 39. Rb1 Ra8 40. Kg1 Rb8 41. Bc1 d3 42. Qxd3 Rxb4 43. Rxb4 Bxc5+ 44. Kf1 Bxb4 45. Bb2 Qd6 46. Qc2 Kh7 47. Ke2 Ba5 48. Bc1 Qb4 49. Bb2 Qb5+ 50. Kf2 Qb6+ 51. Kf1 Qe3 52. Qe2 Qb3 53. Kg1 Kg6 54. Kh1 Kf6 55. Kg1 Bb6+ 56. Kf1 Be3 57. Ke1 Qb4+ 58. Kd1 Qb5 59. g5+ Ke6 60. Qxb5 cxb5 61. Ba3 Bg1 62. Ke2 Bxh2 63. Kf2 Bg3+ 64. Kf1 h2 65. Kg2 Be1 66. Kxh2 b4 67. Bc1 Bc3 68. Kh3 g6 0-1

[Event "Flandern-ch Expert"]
[Site "Ghent"]
[Date "2016.05.05"]
[Round "1"]
[White "Verhaeren, Gertjan"]
[Black "Draftian, Ashote"]
[Result "0-1"]
[WhiteElo "2118"]
[BlackElo "2274"]
[PlyCount "51"]
[EventDate "2016.05.05"]
[EventType "swiss"]
[EventRounds "7"]
[EventCountry "BEL"]
[SourceTitle "EXT 2017"]
[Source "ChessBase"]
[SourceDate "2016.10.25"]
[SourceVersion "1"]
[SourceVersionDate "2016.10.25"]
[SourceQuality "1"]

1. Nf3 f5 2. d3 Nf6 3. e4 d6 4. Nc3 e5 5. Bg5 Be7 6. Bxf6 Bxf6 7. Nd5 0-0 8. Qd2 c6 9. Nxf6+ Qxf6 10. 0-0-0 a5 11. d4 fxe4 12. dxe5 Qf5 13. Qxd6 exf3 14. Bc4+ Kh8 15. e6 Na6 16. g4 Qg5+ 17. Kb1 Re8 18. Rhe1 Bxe6 19. Bxe6 Rad8 20. Bd7 Re2 21. Qg3 Rxd7 22. Qxf3 Rxd1+ 23. Rxd1 Re8 24. Qf7 Qg6 25. Qxb7 Nb4 26. Rc1 0-1

[Event "BEL-chT 1516"]
[Site "Belgium"]
[Date "2016.04.24"]
[Round "11.2"]
[White "Draftian, Ashote"]
[Black "Feygin, Michael"]
[Result "1/2-1/2"]
[WhiteElo "2294"]
[BlackElo "2485"]
[PlyCount "85"]
[EventDate "2015.09.27"]
[EventType "team-tourn"]
[EventRounds "11"]
[EventCountry "BEL"]
[SourceTitle "EXT 2017"]
[Source "ChessBase"]
[SourceDate "2016.10.25"]
[SourceVersion "1"]
[SourceVersionDate "2016.10.25"]
[SourceQuality "1"]
[WhiteTeam "Jean Jaures"]
[BlackTeam "KSK Rochade"]
[WhiteTeamCountry "BEL"]
[BlackTeamCountry "BEL"]

1. f4 c5 2. Nf3 g6 3. e3 Bg7 4. d4 cxd4 5. exd4 Nf6 6. c3 b6 7. Bd3 Ba6 8. 0-0 Qc8 9. Re1 Bxd3 10. Qxd3 Qa6 11. Qxa6 Nxa6 12. Na3 d6 13. Nb5 Kd7 14. a4 Nd5 15. Bd2 Nac7 16. c4 a6 17. Na3 Nf6 18. Rad1 Rhc8 19. Bb4 Ne6 20. g3 h6 21. Rd3 Re8 22. b3 Rab8 23. Kg2 Kc8 24. Bd2 Rb7 25. b4 Nc7 26. Rde3 e6 27. Rd3 b5 28. axb5 axb5 29. c5 Bf8 30. Rc1 Nfd5 31. Nc2 Ra7 32. Ra3 Rxa3 33. Nxa3 Kb7 34. Nc2 Ra8 35. Ra1 Rxa1 36. Nxa1 Na6 37. Nc2 Nb8 38. Kf2 Nc6 39. Ke2 Kc7 40. Kd3 Kd7 41. Bc3 Bg7 42. Bd2 Bf8 43. Nfe1 1/2-1/2

[Event "BEL-chT 1516"]
[Site "Belgium"]
[Date "2015.11.22"]
[Round "4.1"]
[White "Draftian, Ashote"]
[Black "Van Foreest, Jorden"]
[Result "0-1"]
[WhiteElo "2294"]
[BlackElo "2541"]
[PlyCount "116"]
[EventDate "2015.09.27"]
[EventType "team-tourn"]
[EventRounds "11"]
[EventCountry "BEL"]
[SourceTitle "EXT 2017"]
[Source "ChessBase"]
[SourceDate "2016.10.25"]
[SourceVersion "1"]
[SourceVersionDate "2016.10.25"]
[SourceQuality "1"]
[WhiteTeam "Jean Jaures"]
[BlackTeam "KBSK Brugge"]
[WhiteTeamCountry "BEL"]
[BlackTeamCountry "BEL"]

1. f4 d5 2. e3 Nf6 3. Nf3 Bg4 4. h3 Bxf3 5. Qxf3 Nbd7 6. g4 c6 7. d4 e6 8. Bd3 Bd6 9. Nd2 c5 10. c3 Qc7 11. Ke2 0-0-0 12. b3 h6 13. Bb2 Kb8 14. Raf1 Rc8 15. Bb1 cxd4 16. cxd4 Qa5 17. Rd1 g5 18. f5 e5 19. Kf2 e4 20. Qe2 h5 21. Kg2 Rh6 22. Rdg1 Rch8 23. Nf1 Qd8 24. Bc3 R8h7 25. Be1 Qh8 26. gxh5 Rxh5 27. Bg3 Bxg3 28. Nxg3 Rxh3 29. Rxh3 Rxh3 30. Kf1 Rh2 31. Rg2 Qh3 32. Bc2 Rh1+ 33. Nxh1 Qxh1+ 34. Rg1 Qh3+ 35. Ke1 a6 36. Qf2 Ka7 37. Bd1 g4 38. Qg3 Qh6 39. Kd2 Qf8 40. Qc7 Qb4+ 41. Qc3 Qd6 42. Rg2 Qa3 43. Ke1 Qf8 44. Qd2 Qh6 45. Qf2 Qh5 46. Qg3 Qh1+ 47. Rg1 Qh6 48. Kd2 Qf8 49. Kc2 Nb8 50. Bxg4 Nc6 51. Kb2 Qb4 52. Qf2 Na5 53. Bh3 Nc4+ 54. Kb1 a5 55. Rc1 a4 56. Qe1 Nd2+ 57. Kc2 axb3+ 58. axb3 Qxb3+ 0-1

[Event "BEL-ch op"]
[Site "Antwerp"]
[Date "2011.07.08"]
[Round "7.2"]
[White "Draftian, Ashote"]
[Black "Hamblok, Roel"]
[Result "1-0"]
[WhiteElo "2290"]
[BlackElo "2241"]
[PlyCount "73"]
[EventDate "2011.07.02"]
[EventType "swiss"]
[EventRounds "9"]
[EventCountry "BEL"]
[SourceTitle "CBM 143 Extra"]
[Source "ChessBase"]
[SourceDate "2011.08.29"]
[SourceVersion "1"]
[SourceVersionDate "2011.08.29"]
[SourceQuality "1"]

1. e4 c6 2. d4 d5 3. exd5 cxd5 4. Nf3 Nc6 5. Bf4 Bg4 6. c3 e6 7. Qb3 Qc8 8. Nbd2 Nf6 9. Ne5 Be7 10. Nxg4 Nxg4 11. Bd3 0-0 12. Qc2 Nf6 13. g4 g6 14. Rg1 Qd7 15. h4 Rac8 16. Qd1 Bd6 17. Qf3 Bxf4 18. Qxf4 Ne8 19. Nf3 Qd6 20. Qh6 e5 21. Bf5 Rc7 22. Ng5 Nf6 23. h5 exd4 24. hxg6 Re8+ 25. Kf1 fxg6 26. Bxg6 Ree7 27. Bf5 dxc3 28. bxc3 Qe5 29. Kg2 Nd8 30. Rge1 Qd6 31. Rad1 Qc6 32. Kg1 Rxe1+ 33. Rxe1 Qxc3 34. Re6 Rg7 35. Rxf6 Qc1+ 36. Kg2 Qxg5 37. Bxh7+ 1-0

[Event "Ghent Taminco op 33rd"]
[Site "Ghent"]
[Date "2010.07.21"]
[Round "9"]
[White "Draftian, Ashote"]
[Black "Van der Stricht, Geert"]
[Result "0-1"]
[WhiteElo "2275"]
[BlackElo "2393"]
[PlyCount "132"]
[EventDate "2010.07.17"]
[EventType "swiss"]
[EventRounds "9"]
[EventCountry "BEL"]
[SourceTitle "CBM 137 Extra"]
[Source "ChessBase"]
[SourceDate "2010.09.01"]
[SourceVersion "1"]
[SourceVersionDate "2010.09.01"]
[SourceQuality "1"]

1. e4 c5 2. Nf3 d6 3. d4 cxd4 4. Nxd4 Nf6 5. Nc3 a6 6. Be3 e5 7. Nb3 Be7 8. f3 Be6 9. Qd2 0-0 10. 0-0-0 Nbd7 11. g4 b5 12. g5 b4 13. Ne2 Ne8 14. Qxb4 a5 15. Qd2 a4 16. Na1 Bxa2 17. Ng3 Nc7 18. h4 d5 19. Nf5 Re8 20. f4 Bf8 21. Rg1 g6 22. Nh6+ Bxh6 23. gxh6 Qxh4 24. fxe5 Nxe5 25. Bg5 Qxe4 26. Bg2 Nc4 27. Bxe4 Nxd2 28. Bxg6 hxg6 29. Rxd2 Kh7 30. b3 Ne6 31. Bf6 Nf4 32. Kb2 axb3 33. cxb3 Re3 34. Bg5 Rf3 35. Rgd1 Ne6 36. Be7 Nf4 37. Bd6 g5 38. Bxf4 Rxf4 39. Nc2 Rf6 40. Rxd5 Rf2 41. Rxg5 Bxb3 42. Kxb3 Rb8+ 43. Nb4 Rf4 44. Rh1 Rbxb4+ 45. Kc3 Rbc4+ 46. Kd3 Rcd4+ 47. Ke3 Rde4+ 48. Kd3 Re8 49. Rg7+ Kh8 50. Rg5 Rf6 51. h7 Rd6+ 52. Kc4 Rc8+ 53. Rc5 Rcd8 54. Rf5 Rc6+ 55. Rc5 Rf6 56. Rc7 Rf2 57. Rc5 Rc2+ 58. Kb5 Rb8+ 59. Kc6 Rc8+ 60. Kd7 R2xc5 61. Ke7 R5c7+ 62. Kf6 Re8 63. Kf5 Re6 64. Kf4 Rc5 65. Kg4 Rg6+ 66. Kf4 Rb6 0-1